000 00675nas a2200229 a 4500
001 54781
003 BD-RjUL
005 20211209080152.0
008 161110s1986 ii |||||||||||| ||eng|
035 _a(BD-RjUL)54903
040 _aDLC
_cCarP
_dBD-RjUL
_beng
041 _aeng
082 _223
_a297.77
_bKHI 1986
100 _aKhan, Mohammad Sharif
_9163316
245 1 0 _aIslamic education /
_cMohammad Sharif Khan
260 _aNew Delhi :
_cAshish Pub. House,
_bc1986
300 _avi, 85 p. ;
_c24 cm.
650 0 _aIslam
_xEducation
_9163317
711 2 _aAll Pakistan Islamic Education Congress. [from old catalog]
_9163318
942 _2ddc
_cBK
999 _c54781
_d54781